ՀՀ Գիտությունների ազգային ակադեմիայի հիմնարար գիտական գրադարան  =   Fundamental Scientific Library of NAS RA

Թեւաւորը : (Record no. 141611)

MARC details
000 -LEADER
fixed length control field 00866nam a2200217 a 4500
001 - CONTROL NUMBER
control field 000370547
003 - CONTROL NUMBER IDENTIFIER
control field AM-YeHGA
005 - DATE AND TIME OF LATEST TRANSACTION
control field 20250617131900.0
008 - FIXED-LENGTH DATA ELEMENTS--GENERAL INFORMATION
fixed length control field 041018s1916 ai 000 | arm d
040 ## - CATALOGING SOURCE
Original cataloging agency AM-YeHGA
041 1# - LANGUAGE CODE
Language code of text/sound track or separate title arm
Language code of original rus
-- eng
090 ## - LOCALLY ASSIGNED LC-TYPE CALL NUMBER (OCLC); LOCAL CALL NUMBER (RLIN)
-- 142991
100 1# - MAIN ENTRY--PERSONAL NAME
Personal name Սետոն-Տոմպսոն, Է.
245 10 - TITLE STATEMENT
Title Թեւաւորը :
Remainder of title Մի պոստային աղաւնու պատմութիւն /
Statement of responsibility, etc. Է. Սետոն-Տոմպսոն; Թարգմ. ռուս.՝ Ե. Սարգսեան.
260 ## - PUBLICATION, DISTRIBUTION, ETC.
Place of publication, distribution, etc. Թիֆլիս :
Name of publisher, distributor, etc. տպ. Ն. Աղանեանի,
Date of publication, distribution, etc. 1916.
300 ## - PHYSICAL DESCRIPTION
Extent 29 էջ :
Other physical details նկ. ;
Dimensions 18 սմ.
440 #0 - SERIES STATEMENT/ADDED ENTRY--TITLE
Title Նւէր մանուկներին
Volume/sequential designation 31
500 ## - GENERAL NOTE
General note Յաւելւած «Հասկեր» ամսագրի
650 14 - SUBJECT ADDED ENTRY--TOPICAL TERM
Topical term or geographic name entry element Ամերիկյան մանկական գրականություն
General subdivision Հեքիաթ
700 1# - ADDED ENTRY--PERSONAL NAME
Personal name Սարգսեան, Եփրեմ
Relator term թարգմ.
Relationship trl
Holdings
Withdrawn status Lost status Damaged status Not for loan Collection Home library Current library Date acquired Total checkouts Full call number Barcode Date last seen Cost, replacement price Price effective from Koha item type Public note
        General Fundamental Scientific Library Fundamental Scientific Library 22/12/2016   AII/21264 FL0006366 22/12/2016 10.00 22/12/2016 Գրքեր / Books 30 Days Loan
        General Fundamental Scientific Library Fundamental Scientific Library 22/12/2016   AII/21265 FL0006367 22/12/2016 10.00 22/12/2016 Գրքեր / Books 30 Days Loan


ՀՀ ԳԱԱ հիմնարար գիտական գրադարան
ՀՀ,Երևան 0019
Մարշալ Բաղրամյան 24/6
հեռախոս:(374-10) 52-47-50
Հետադարձ կապ

All site content, except where otherwise noted, is licensed under a
Creative Commons License